Systems Analysis and Design Methods (Record no. 6086)

MARC details
000 -LEADER
fixed length control field 00326nam a2200133Ia 4500
003 - CONTROL NUMBER IDENTIFIER
control field OSt
008 - FIXED-LENGTH DATA ELEMENTS--GENERAL INFORMATION
fixed length control field 201107b ||||| |||| 00| 0 eng d
020 ## - INTERNATIONAL STANDARD BOOK NUMBER
International Standard Book Number 9780070634176.
100 ## - MAIN ENTRY--PERSONAL NAME
Personal name WHITTEN,Jeffrey L.
245 ## - TITLE STATEMENT
Title Systems Analysis and Design Methods
260 ## - PUBLICATION, DISTRIBUTION, ETC. (IMPRINT)
Place of publication, distribution, etc N. delhi
Name of publisher, distributor, etc TMH
Date of publication, distribution, etc 2012
300 ## - PHYSICAL DESCRIPTION
Extent 747
942 ## - ADDED ENTRY ELEMENTS (KOHA)
Source of classification or shelving scheme Dewey Decimal Classification
Koha item type Text Books
942 ## - ADDED ENTRY ELEMENTS (KOHA)
-- 8
Holdings
Withdrawn status Lost status Source of classification or shelving scheme Damaged status Not for loan Collection code Home library Current library Date acquired Source of acquisition Cost, normal purchase price Bill Number Total Checkouts Full call number Acc. no. / Barcode Date last seen Actual Cost, discounted price Bill Date Koha item type Date last borrowed
    Dewey Decimal Classification     MCA PIET C-LIBRARY PIET C-LIBRARY 19/01/2015 KIRTI PRAKASHAN, NEW DELHI 825.00 IN2082   004.21 WHS 25076 04/12/2019 552.75 12/01/2015 Text Books  
    Dewey Decimal Classification     BCA PIET C-LIBRARY PIET C-LIBRARY 07/03/2012 IBH, New Delhi 600.00 4863 2 004.21 WHS BC197 05/08/2022 385.92 07/03/2012 Text Books 01/08/2022
    Dewey Decimal Classification     BCA PIET C-LIBRARY PIET C-LIBRARY 07/03/2012 IBH, New Delhi 600.00 4863 1 004.21 WHS BC198 16/08/2022 385.92 07/03/2012 Text Books 02/08/2022
    Dewey Decimal Classification     BCA PIET C-LIBRARY PIET C-LIBRARY 07/03/2012 IBH, New Delhi 600.00 4863 3 004.21 WHS BC199 05/08/2022 385.92 07/03/2012 Text Books 01/08/2022
    Dewey Decimal Classification     BCA PIET C-LIBRARY PIET C-LIBRARY 07/03/2012 IBH, New Delhi 600.00 4863 2 004.21 WHS BC200 05/08/2022 385.92 07/03/2012 Text Books 01/08/2022
    Dewey Decimal Classification     BCA PIET C-LIBRARY PIET C-LIBRARY 07/03/2012 IBH, New Delhi 600.00 4863   004.21 WHS BC201 04/12/2019 385.92 07/03/2012 Text Books  
    Dewey Decimal Classification     BCA PIET C-LIBRARY PIET C-LIBRARY 07/03/2012 IBH, New Delhi 600.00 4863 4 004.21 WHS BC202 27/11/2023 385.92 07/03/2012 Text Books 06/06/2023

Design & Developed by: PIET Central Library
R70 Miles Stone Pattikalyana Samalkha Panipat 132102
mail ID :- [email protected], Phone No:- 0180-2569700 Ex.216